000
00305nam a2200121Ia 4500
005
20260328101515.0
008
260328s9999||||xx |||||||||||||| ||und||
100
_a
Mege-Scarabin, Jeanne
245
0
_a
Villas Bretonnes /
_c
Jeanne Mege-Scarabin
260
_b
Charles Massin
650
_a
VIVIENDA
942
_c
BK
999
_c
9355
_d
9355